00481 2200169 4500001002100000005001500021035002000036245011900056100002600175300002600201260002400227082001000251084001600261020000600277600001100283990001700294INLIS00000000000146120260506012757 a0010-05260000051 aMuslimah Bertanya Islam Memberi Solusi Dalam Masalah Shalat, Thahara, haji , Pernikahan dll /cUst. Jufry Al-Hazza0 aHazza, Ust. Jufry Al- a128 hlm ;c14 X 21 cm a- :bPrima Jaya,c- a297.3 a297.3 HAZ m a- 4aIbadah a4826/PP/2026